00517nam a2200205Ia 4500008004100000020001800041050001400059100002100073245002500094245003400119245002100153260001500174260001600189260000900205300001500214300002700229300001000256440003700266500000800303170918s9999 xx 000 0 und d a9780439566285 bH669 2003 aHirschmann, Kris aOwls, bats, wolves : band other nocturnal animals / cKris Hirschmann. aNew York : bScholastic, c2003 a32 pages : bcolored illustration ; c23cm. aWorld discovery science readers. a640